[Event "Olympiad-34"]
[Site "Istanbul"]
[Date "2000.11.04"]
[Round "7.1"]
[White "Shirov, Alexei"]
[Black "Fedorov, Alexei"]
[Result "1-0"]
[WhiteElo "2746"]
[BlackElo "2646"]
[Annotator "Gershon,A"]
[PlyCount "55"]
[EventDate "2000.10.28"]
[EventType "team-swiss"]
[EventRounds "14"]
[EventCountry "TUR"]
[SourceTitle "EXT 2001"]
[Source "ChessBase"]
[SourceDate "2000.11.22"]
[SourceVersion "1"]
[SourceVersionDate "2000.11.22"]
[SourceQuality "1"]
[WhiteTeam "Spain"]
[BlackTeam "Belarus"]
[WhiteTeamCountry "ESP"]
[BlackTeamCountry "BLR"]

{[%mdl 32768]} 1. e4 c5 2. Nf3 Nc6 3. d4 cxd4 4. Nxd4 e5 5. Nb5 d6 6. N1c3 a6
7. Na3 b5 8. Nd5 Nce7 9. c4 Nxd5 10. exd5 bxc4 (10... Nf6 $6 11. cxb5 Be7 12.
Bc4 O-O 13. O-O Bg4 14. Qb3 Rb8 15. Be3 Bd7 16. Rad1 Ng4 17. Ba7 axb5 (17...
Rb7 18. b6 $18 {[%cal Gc4a6]}) 18. Bxb8 bxc4 19. Qb7 Qc8 20. Qa7 $1 $18 {
[%csl Rc4][%cal Ga3c4] 1-0 Shirov,A-Annageldyev,O/Istanbul 2000/EXT 2001/
[Gershon] (25)}) 11. Nxc4 Nf6 12. Be3 (12. Bd2 Bd7 13. Ba5 Qb8 14. Rc1 Be7 15.
Be2 O-O 16. O-O Bd8 17. b4 Bf5 18. Bxd8 Rxd8 19. Na5 {1/2-1/2 Robovic,
S-Waitzkin,J/New York 1998/EXT 99 (19)}) 12... Rb8 13. Be2 (13. a4 $143 Ng4 14.
Bd2 Qd7 (14... f5 15. Be2 Qh4 16. g3 Qh3 17. Bf1 Qh5 18. h3 Nf6 19. Qxh5+ Nxh5
20. a5 Nf6 21. Nb6 Bb7 22. Bc4 Be7 23. O-O Bd8 $15 {1/2-1/2 Smikovski,
I-Sveshnikov,E/Samara RUS 2000/The Week in Chess 294 (37)}) 15. Be2 Be7 16. O-O
O-O 17. a5 Nf6 18. Nb6 Qf5 19. f4 Bd8 20. fxe5 Bxb6+ 21. axb6 Qxe5 22. Bf4 Qe7
23. Bg5 Rxb6 24. Qd4 Rb8 25. Bxa6 Qe5 26. Qxe5 dxe5 27. Bxf6 gxf6 {1/2-1/2
Svetushkin,D-Fedorov,A/Istanbul TUR 2000/The Week in Chess 313 (27)}) (13. Rc1
Bd7 14. a4 Ng4 15. Bd2 Qf6 16. Qe2 Be7 17. h4 h5 18. f3 Nh6 19. Bg5 Qg6 20.
Nxe5 dxe5 21. Qxe5 Qd6 22. Qxg7 Rg8 23. Qxh6 Qg3+ 24. Kd1 Bxa4+ $40 {1/2-1/2
Kotronias,V-Miton,K/Philadelphia USA 2000/The Week in Chess 296 (52)}) 13...
Be7 14. a4 (14. O-O O-O 15. a4 Qd7 16. Nb6 Qf5 17. Nxc8 Qxc8 18. Rc1 Qf5 19. b3
a5 20. h3 e4 21. Bc4 Nd7 22. Qg4 Qxg4 23. hxg4 Ne5 24. g5 f5 25. gxf6 Bxf6 26.
Bb5 $16 {1-0 Bologan,V-Milov,V/New York 1997/CBM 57 ext (35)}) 14... Qd7 15.
O-O Bb7 $2 {A decisive mistake!Black king is now stuck in the center until the
end of the game. Better was to get the king out of denger first, analogically
to Bologan- Milov, although black's position is far from being satisfying in
either case.} (15... O-O $142) 16. Ba7 $1 Rd8 17. Nb6 Qf5 18. Rc1 {[%cal Gc1c7]
} e4 (18... O-O $4 19. Rc7 {[%csl Rb7,Re7]}) 19. Rc7 Bxd5 20. Bxa6 Be6 21. Qc2
h5 (21... d5 22. Bb5+ Kf8 (22... Bd7 23. Nxd7 Nxd7 24. Rxd7 Rxd7 25. Qc8+ Bd8
26. Bb6 O-O 27. Bxd7 $18) 23. Rxe7 Kxe7 24. Qc5+ Rd6 25. Qc7+ Nd7 26. Nxd7 Rxd7
27. Bc5+ Kf6 28. Bxd7 Bxd7 29. f3 $18) 22. Rd1 {/\ Bb5 Kf8 Re7 (><d6)} (22.
Bb5+ Kf8) 22... Ng4 23. h3 (23. Bb5+ Kf8 24. Rxe7 Kxe7 25. Qc7+ Kf6) 23... Ne5
24. Nc8 $1 {chaging black's main defender} Bxc8 25. Bxc8 Qg6 26. Bb7 f5 27. a5
Bf6 28. Bd5 {A picturesque position: Black K is stuck in the center, white is
completely dominating the board, and in addition to all this the 'a' pawn is
runnig. A very powerful performance by Shirov, who hasn't left his opponent
any chances after the 15th move.} 1-0

[Event "Capablanca Memorial Elite 36th"]
[Site "Havana"]
[Date "2001.05.05"]
[Round "1"]
[White "Dominguez Perez, Leinier"]
[Black "Nataf, Igor Alexandre"]
[Result "0-1"]
[WhiteElo "2556"]
[BlackElo "2552"]
[Annotator "Gershon,A"]
[PlyCount "86"]
[EventDate "2001.05.05"]
[EventType "tourn"]
[EventRounds "12"]
[EventCountry "CUB"]
[EventCategory "13"]
[SourceTitle "CBM 084"]
[Source "ChessBase"]
[SourceDate "2001.09.13"]
[SourceVersion "1"]
[SourceVersionDate "2001.09.13"]
[SourceQuality "1"]

{[%mdl 32768]} 1. e4 c5 2. Nf3 Nc6 3. d4 cxd4 4. Nxd4 e5 5. Nb5 d6 6. c4 Be7 7.
Bd3 ({the main line is:} 7. N1c3) 7... a6 {- the most popular response. Other
moves tranfer to the main line at some stage.} (7... Be6 8. O-O a6 9. N5c3 Nf6
10. Ne2 O-O 11. Nbc3 Qd7 12. Nd5 Bxd5 13. exd5 Nb4 14. Bb1 a5 15. Nc3 $14 {
1/2-1/2 Galkin,A-Kasparov,S/Koszalin 1999/EXT 2000 (37)}) (7... Nf6 8. N1c3 a6
9. Na3 Bg4 10. Be2 Be6 11. Nc2 O-O 12. O-O Rc8 13. b3 b5 {1/2-1/2 Vehi Bach,
V-Nataf,I/Andorra la Vella 1999/EXT 2000 (13)}) 8. N5c3 Bg5 {[%csl Rd4] It's
impornant to change the dark squared B's, getting rid of a weak piece and
weakenning the d4 square.} 9. Na3 (9. Nd2 Nf6 (9... Be6 10. b3 Nge7 11. O-O O-O
12. Nd5 Qa5 13. b4 Qd8 14. a3 Ng6 15. Re1 Nd4 16. Nb3 Bxc1 17. Rxc1 Nxb3 18.
Qxb3 Qg5 19. Bf1 Rac8 20. Rcd1 f5 21. exf5 Qxf5 22. Qe3 Qf7 $11 {[%cal Gb7b5,
Gg6h4,Gh4f5,Gf5d4] 1-0 Yagupov,I-Zvereva,M/St Petersburg RUS 2001/The Week in
Chess 344 (52)}) 10. O-O {This plan is too slow, allowing black to take
control over the position.} (10. Nf1 Bxc1 11. Rxc1 O-O 12. Ne3 Nd4 13. O-O b5
14. cxb5 axb5 15. Nxb5 Nxb5 16. Bxb5 Rxa2 17. Qb3 Be6 18. Bc4 Bxc4 19. Rxc4 Ra6
$11 {1/2-1/2 Sokolov,A-Tregubov,P/Mulhouse FRA 2001/The Week in Chess 336 (27)}
) 10... O-O 11. b3 Nd4 12. Bb2 Bg4 $1 13. f3 {[%cal Ya7g1]} Bd7 14. Kh1 b5 15.
Ne2 Ne6 16. b4 Qb6 17. cxb5 axb5 18. Nb1 Rfd8 19. Nbc3 Bc6 {[%cal Gd6d5]} 20.
Nd5 Nxd5 21. exd5 Bxd5 22. Bxh7+ Kxh7 23. Qxd5 Kg8 $11 {1-0 Luther,T-Tregubov,
P/Ohrid MKD 2001/The Week in Chess 344 (48)}) 9... Bxc1 10. Rxc1 Qg5 11. O-O
Nge7 12. Nc2 O-O 13. Be2 $6 $146 {I don't see a reason to put the B on 'f3'
while it can be put on f1. On 'f3' it's very vulnerable to black's pieces.} (
13. Re1 {makes more sense than the text} Be6 14. Bf1 Rad8 15. b4 f5 16. b5 Nb8
17. exf5 Nxf5 18. Nd5 Nd7 19. f4 Qh4 20. g3 Nxg3 $1 21. hxg3 Qxg3+ 22. Bg2 Bg4
23. Qd2 exf4 24. Qf2 Qxf2+ 25. Kxf2 Nc5 26. Bf1 h5 27. Ncb4 axb5 28. cxb5 Ra8
$36 {1/2-1/2 Leko,P-Fedorov,A/Wijk aan Zee NED 2001/The Week in Chess 323 (49)}
) 13... Bh3 14. Bf3 Ng6 {[%cal Gg6h4]} 15. Kh1 (15. Ne3 Nd4 16. Kh1 Be6 $36 {
[%cal Gg6h4]}) 15... Be6 16. Nd5 Nh4 17. b3 {[%cal Gd5c7]} ({interesting was:} 
17. b4 {[%cal Gb4b5,Gc2e3]} b5 18. Nce3 Nd4 19. Bg4 $13) (17. Nc7 $4 Bxc4 18.
Nxa8 Bxf1 19. Qxf1 Rxa8 $19) 17... Rad8 {Both removing the rook from 'a8' and
protecting the 'd6' pawn- "just in case"} (17... f5 $143 {because after:} 18.
exf5 {black is obliged to play:} Bxf5 ({and not :} 18... Nxf5 19. Nc7 $18) 19.
Nb6 Rae8 20. Bd5+ $14 {[%cal Gc2e3]}) 18. Nde3 Qf4 19. Nd5 Qg5 {one of the
sympthoms of FIDE's new time control: after move 15 the players usually have
less than half an hour left and repeat the moves to gain some extra minute to
think. (Uusally it's hardly enough, and takes more time to think about
repeating the moves, than what you actually gain by that)} 20. Nde3 Qg6 {
black is preparing the thematic f5 advance. First he puts the Q on the best
position for that, then removes the K from the /^. Meanwhile white is
improving his pieces and waiting for black to weaken himself a bit.The
position is about equal} 21. Qe2 (21. b4 {is a bit too late} b5 22. cxb5 axb5
23. a3 Kh8 $15) 21... Kh8 22. Rcd1 Rd7 (22... f5 23. exf5 Nxf5 24. Be4 Qh6 25.
Rd2 {would transpose to the game}) 23. Rd2 f5 24. exf5 Nxf5 25. Be4 Qh6 26.
Bxf5 (26. Nxf5 {makes more sense to me, keeping the strong bishop on the board.
} Bxf5 27. Rfd1 Bxe4 28. Qxe4 Rf4 29. Qe3 $14 {[%cal Gc4c5]}) 26... Bxf5 27.
Rfd1 Bxc2 28. Nxc2 Qg6 {the difference between 26.Nf5 and 26.Bf5 : had white
taken with the N, his Q would now be standing on 'e4' giving his more space.}
29. c5 $2 {blundering black's reply.} (29. f3 $142 $5 {[%cal Ge2d3] is a nice
idea to protect the weak 'f2' pawn, before going into any concrete lines})
29... d5 $1 30. Ne3 ({the pawn is untouchable:} 30. Rxd5 $4 Rxd5 {this
intermideate capture is what white has probably missed while playing 29.c5} ({
but not :} 30... Nd4 $4 31. R1xd4 exd4 32. Rxd7 $18) 31. Rxd5 Nd4 32. Qxe5 (32.
Nxd4 Qb1+) 32... Nxc2 $19) 30... d4 $15 {/-/+ In only 2 moves the position has
changed drrastically. The weak 'd6' pawn is now controlling nearly the whole
center!} 31. f3 (31. Nc4 Re7 32. Nd6 e4 $36) 31... Re7 32. Nd5 Ref7 33. Re1 (
33. b4 $2 e4 $1 34. fxe4 (34. Qxe4 Qxe4 35. fxe4 Rf1+) 34... Qxe4 $1 $19) 33...
Qg5 {still threatenning 34...e4 followed by Qxd2} 34. Rdd1 h5 $1 {Both making
a'luft' for the king and creating extra weaknesses in white's position} 35. a3
h4 {[%cal Gh4h3]} 36. h3 Qg3 37. Rf1 (37. b4 $5 {[%cal Ga3a4,Gb4b5]} Rf5 38. a4
e4 39. fxe4 Rf2 40. Qh5+ Kg8 41. Rg1 g6 42. Qg4 Qxg4 43. hxg4 Rb2 44. g5 {
[%cal Gd5f6]} Rff2 {[%cal Gh4h3]} 45. Kh2 Rb3 $15 {[%cal Gc6e5]}) 37... Rf5 38.
Qe4 Rg5 39. Rg1 Nd8 $2 (39... Rg6 $142 40. Rd3 Qg5 $15 {[%cal Gc6d8,Gd8e6]})
40. f4 $4 (40. Rd3 $1 {[%cal Gf3f4]} Ne6 (40... Qf2 41. f4 exf4 42. Rf3 $18 {
[%cal Gd5f4,Gf4g6]}) 41. f4 Nxc5 42. Rxg3 Nxe4 43. Rxg5 Nxg5 44. fxg5 $16)
40... exf4 41. Rxd4 (41. Rd3 f3 42. Rxd4 Re5 43. Qxh4+ Qxh4 44. Rxh4+ Kg8 45.
gxf3 (45. Nc3 f2 46. Rf1 Re1 $19) 45... Rxd5 $19) 41... Nc6 42. Rd3 f3 43. Ne3
(43. Rxf3 Rxf3 44. Qxf3 Qxf3 45. gxf3 Rxd5 $19) 43... Re5 (43... Re5 44. Qg4 f2
45. Rf1 Rxe3 $19) 0-1

[Event "ROM-ch"]
[Site "Iasi"]
[Date "1999.12.26"]
[Round "14"]
[White "Nevednichy, Vladislav"]
[Black "Grigore, George Gabriel"]
[Result "1-0"]
[WhiteElo "2537"]
[BlackElo "2526"]
[Annotator "Gershon,A"]
[PlyCount "81"]
[EventDate "1999.12.13"]
[EventType "tourn"]
[EventRounds "15"]
[EventCountry "ROU"]
[EventCategory "9"]
[SourceTitle "CBM 075"]
[Source "ChessBase"]
[SourceDate "2000.04.05"]
[SourceVersion "1"]
[SourceVersionDate "2000.04.05"]
[SourceQuality "1"]

1. e4 c5 2. Nf3 Nc6 3. d4 cxd4 4. Nxd4 e5 5. Nb5 d6 6. c4 Be7 7. b3 Nf6 8. Bd3
O-O 9. O-O Nd7 (9... a6 10. N5c3 Be6 11. Na3 Nd7 12. Nc2 (12. Re1 Bg5 13. Bb2
Nc5 14. Nc2 Qb6 (14... Nxd3 $142 15. Qxd3 f5 $132) 15. Ne3 Bxe3 16. Rxe3 Rac8
17. Bf1 Ne7 18. Qd2 Rfd8 19. Rd1 Ng6 20. Nd5 Bxd5 21. Qxd5 Ne7 22. Qd2 Ne6 23.
Be2 Rb8 24. Bg4 $16 {1-0 Luther,T-Sokolov,E/Bad Zwesten 1997/CBM 57 ext (42)})
12... Rc8 13. Re1 Nc5 14. Bf1 f5 15. exf5 Bxf5 16. Be3 Ne6 17. Bd3 $1 {
Weakening the light squares.} Kh8 18. Bxf5 Rxf5 19. Qd5 Qd7 20. Na4 Nc7 21. Qd3
Rcf8 22. Nc5 Qc8 23. Ne4 Ne8 24. Bb6 Qe6 25. Ne3 R5f7 26. Nd5 $16 {1-0 Aseev,
K-Ivanov,V/St Petersburg 1999/CBM 74 no vc (30)}) (9... Bg4 10. f3 Be6 11. Be3
(11. N1c3 a6 12. Na3 Nh5 13. g3 $6 g6 14. Nc2 f5 15. Nd5 f4 16. g4 Nf6 17. Bb2
g5 18. Kg2 h5 19. h3 Kf7 20. Qd2 Rh8 21. Rh1 Rh6 22. Rad1 Rc8 $11 {0-1
Kapnisis,S-Moiseenko,A/Murek 1998/CBM 65 ext (51)}) 11... Rc8 (11... Ne8 12.
N5c3 Bg5 13. Bf2 Ne7 14. a4 g6 15. a5 f5 16. a6 b6 17. Na3 Nf6 18. Nab5 Qd7 19.
Qe2 Rad8 20. Rfd1 $14 {1/2-1/2 Yagupov,I-Sveshnikov,E/St Petersburg 1998/CBM
67 (80)}) (11... Nh5 12. Qd2 Nf4 13. Rd1 a6 14. N5c3 Nxd3 15. Qxd3 f5 16. exf5
Bxf5 17. Ne4 Qe8 18. Nbc3 Rd8 19. Qe2 Qg6 20. Rd2 h6 21. Rad1 $16 {1-0
Antoniewski,R-Moiseenko,A/Murek 1998/CBM 65 ext (37)}) 12. N5c3 Ne8 13. Nd5 Bg5
14. Bf2 Ne7 15. Nxe7+ Bxe7 16. Nc3 b6 17. Qe1 Qd7 18. a4 Bd8 19. Nd5 g6 20. Qd2
f5 21. exf5 gxf5 22. f4 $1 $14 {1/2-1/2 Smetankin,S-Pinski,J/Yerevan 1999/CBM
72 ext (36)}) 10. N1c3 a6 11. Na3 Bg5 (11... Nc5 12. Nc2 Rb8 13. Re1 f5 14.
exf5 Nxd3 15. Qxd3 Bxf5 16. Ne4 Kh8 17. Bd2 Bg6 18. f3 b5 19. Bc3 bxc4 20. bxc4
Qb6+ 21. Kh1 Rfc8 $132 {0-1 Renet,O-Milov,V/SUI 1996/CBM 55 ext (38)}) 12. Bb2
Nc5 13. Nc2 (13. Be2 f5 14. exf5 Bxf5 15. Nd5 Bh6 16. Nc2 Ne6 17. Bg4 Qh4 18.
Nde3 Bxe3 19. Nxe3 Bxg4 20. Qxg4 Qxg4 21. Nxg4 b5 22. Ne3 Ned4 $11 {1/2-1/2
Shevelev,S-Maidla,V/Jyvaskyla 1996/EXT 98 (36)}) 13... Kh8 (13... f5 14. exf5
Nxd3 15. Qxd3 Bxf5 16. Qd5+ Kh8 17. Ne3 Bg6 18. Rad1 Be7 $14) 14. Be2 f5 15.
exf5 Bxf5 16. Nd5 Rb8 {Black's idea is by advancing his 'b' pawn to either
create a weakness on c4 or, if white takes on b5, reduce his control over the
'd5' square.} (16... Ne6 $6 17. Bg4 Bxg4 18. Qxg4 Nf4 19. Rad1 $16) 17. Nce3
Be4 18. Bc3 $6 {The bishop on c3 only gives black various tactical
oportunities.} (18. b4 $2 Bxe3 19. fxe3 Qg5 $1 20. Bf3 Bxd5 $19 {[%csl Gb4,Ge3]
}) (18. f3 $142 Bg6 19. Kh1) 18... b5 19. cxb5 (19. b4 Bxe3 20. Nxe3 Na4 $17)
19... axb5 20. f3 Bg6 21. Kh1 Rb7 $2 {Missing an oportunity to take over the
initiative.} (21... b4 $142 22. Bd2 (22. Bb2 Ne6 23. Nc2 Nf4 $15 {[%csl Gd5]})
22... Nd4 $36 {[%cal Gg6b1,Gg5c1]}) 22. Nc2 {[%cal Gc2b4] Now white unties his
knights and keeps a slight advantage.} Qd7 23. Ncb4 Bf7 (23... Nxb4 24. Nxb4
Bf7 {- game}) 24. Nxc6 Qxc6 25. Nb4 Qd7 26. Qe1 $14 {White has a clear plan
now, playing against the pair of hanging pawns, whereas black's counterplan
should be to try and establish himself on d4} Rc8 (26... Ne6 $142 $5 27. Rd1 {
[%csl Ge5][%cal Gd1d7]} Bf6 {[%cal Ge6d4]} 28. Nd5 (28. Qd2 Nd4 (28... Nf4 $5)
29. Bxd4 exd4 30. f4 Rc7 $132) 28... Bg5 29. Qg3 {[%cal Gf3f4]} Nf4 (29... Ra7
30. f4 Rxa2 31. Bg4 Bxf4 32. Nxf4 exf4 33. Rxf4 $16) 30. Nxf4 Bxf4 $11) 27. Rd1
Qe6 $6 {Looks like black does not have a clear plan and each move stands for
itself.} (27... Qc7 $142 28. Bb2 Ne6 $11) 28. Bd2 $5 {Getting rid of black's
annoying bishop on g5 thus weakenning black's central pawwns. The drawback of
this move is that now black can occupy the d4 square.} Bxd2 29. Rxd2 (29. Qxd2
$5 Rd8 30. f4 $5 (30. Qe3) 30... e4 31. Qd4 $14 {[%cal Gf4f6]}) 29... Qe7 30.
Qf2 Ne6 31. Bd3 {[%csl Rc6,Rd5][%cal Gd3e4,Ye4a8]} Nd4 32. Be4 Rbc7 {[%cal
Gc7c1]} (32... Ra7 33. Rxd4 exd4 34. Nc6 Rxc6 35. Bxc6 Qe5 36. Rd1 Rc7 37. Be4
$16) 33. Rdd1 Be6 34. Qe3 $5 (34. f4 Rf8 35. Qe3 Qf6 $11) 34... Rc3 $2 {
Getting into the trap} (34... Qh4 35. f4 Qh6 $13 {With black standing by no
means worse.}) 35. Qe1 {[%csl Gc3]} Qd8 $2 (35... R3c7 $142 36. f4 Re8 37. fxe5
dxe5 38. Bxh7 $5 Kxh7 39. Qxe5 {[%csl Gd4] An amazing thing! The knight is
caught in the middle of the board.} Nf5 (39... Nc6 40. Nxc6 Rxc6 41. Qe4+ $18)
(39... Nxb3) 40. Rxf5 (40. Nd5 $2 Rc5 (40... Bxd5 $4 41. Qxf5+ Kh8 42. Qh5+ Kg8
43. Qxd5+ $18) 41. Rxf5 Bxd5 $1 42. Rh5+ Kg8 43. Qxe7 Rxe7 $19 {[%cal Ge1h1,
Ge7e1]}) 40... Bxf5 41. Qxf5+ g6 42. Qh3+ Kg7 43. Qg3 $14) 36. Bb7 R8c7 37. Na6
$18 {[%csl Gc3]} Nc2 (37... Rc2 38. Nxc7 Qxc7 39. Rxd4 $18) 38. Qd2 Ne3 39.
Nxc7 Qxc7 (39... Nxd1 40. Nxe6 Qe7 41. Rxd1 $18) 40. Rc1 Nc2 41. Be4 1-0

[Event "Linares Anibal op 08th"]
[Site "Linares"]
[Date "2001.01.09"]
[Round "2"]
[White "Meijers, Viesturs"]
[Black "Milov, Vadim"]
[Result "0-1"]
[WhiteElo "2483"]
[BlackElo "2604"]
[Annotator "Gershon,A"]
[PlyCount "100"]
[EventDate "2001.01.08"]
[EventType "swiss"]
[EventRounds "11"]
[EventCountry "ESP"]
[SourceTitle "CBM 081"]
[Source "ChessBase"]
[SourceDate "2001.03.20"]
[SourceVersion "1"]
[SourceVersionDate "2001.03.20"]
[SourceQuality "1"]

1. e4 {Milov,V} c5 2. Nf3 Nc6 3. d4 cxd4 4. Nxd4 Qb6 5. Nb3 Nf6 6. Bd3 e6 7. c4
$2 $146 {'?!' Milov,V. Too early. Letting the advantage go} (7. O-O Be7 (7...
d5 8. exd5 Nxd5 9. c4 Nf6 10. Nc3 Be7 11. c5 Qd8 12. Qe2 O-O 13. Rd1 Qc7 14.
Nb5 Qb8 15. Bg5 e5 16. Nd6 Be6 17. Bc4 Bxc4 18. Qxc4 Qc7 19. Nb5 Qc8 20. Nd2 a6
21. Nd6 Bxd6 22. cxd6 Nd7 23. Rac1 Qe8 24. Be3 Kh8 25. Qb3 Rb8 26. Nc4 $16 {
1/2-1/2 Onischuk,A-Antoniewski,R/Koszalin 1999/CBM 73 (71)}) 8. c4 (8. Be3 Qc7
9. f4 d6 10. c4 b6 11. Nc3 Bb7 12. Rc1 Qb8 13. Qf3 O-O 14. Qh3 g6 15. Bb1 $16 {
1-0 Vescovi,G-Valle,A/Brasilia BRA 2000 (25)}) 8... Ne5 (8... d6 9. Nc3 Qc7 10.
Bf4 b6 11. Rc1 Qd7 12. Qe2 Bb7 13. Rfd1 e5 $2 14. Be3 Ng4 15. Bd2 Nd4 16. Nxd4
exd4 17. Nb5 O-O 18. Nxd4 $16 {1-0 Rechlis,G-Maryasin,B/Israel 1997/CBM 58 ext
(29)}) 9. Nc3 d6 10. Be2 a6 11. Be3 Qc7 12. Rc1 b6 13. f4 Ned7 14. Bf3 Bb7 15.
Qe2 O-O 16. Nd4 Rfe8 {0-1 Milos,G-Morozevich,A/Internet 2000 (51) with a
normal hadghog position}) (7. Nc3 {Milov,V}) 7... Ne5 (7... d5 $5 $11 {Milov,V}
) (7... Nb4 {Milov,V} 8. Nc3 Ng4 (8... Qd6 9. Be2 Qxd1+ 10. Kxd1) 9. O-O Nxh2 (
9... Qd6 10. Qxg4) 10. c5 Qc7 11. Nb5 Qb8 12. Re1 Ng4 (12... Nxd3 13. Qxd3 Ng4
14. Nd6+ Bxd6 15. cxd6 Ne5 16. Qg3 $44) 13. Qxg4 Nxd3 14. Rd1 Ne5 15. Qg3 $36)
8. O-O $2 {And this is already losing a pawn} (8. Qe2 $142 Nxd3+ (8... Bb4+ {
Milov,V} 9. Bd2 d6 $11) 9. Qxd3 Qd6 10. Qe2 Qe5 11. N1d2 (11. Nc3 Bb4 12. Bd2
Bxc3 13. Bxc3 Qxe4 $19) 11... d5 $11) (8. Nc3 $2 {Milov,V} Nfg4 9. O-O Qd6 $1
10. f4 Nxd3 (10... Qxd3 11. fxe5 Qxd1 12. Rxd1 Nxe5 13. Nb5 Kd8 14. Be3 Nxc4
15. Bxa7 b6 $17) 11. Qxg4 Qb6+ 12. Kh1 Nf2+ 13. Rxf2 Qxf2 14. Bd2 a6 15. e5 h5
16. Qh3 b6 17. Be3 Qc2 $17) 8... Qd6 {[%csl Rc4,Re4] '!' Milov,V.} 9. Bf4 (9.
Bc2 Qxd1 (9... Nxc4 {Milov,V}) 10. Rxd1 Nxc4 $17) (9. Be2 Qxd1 10. Rxd1 Nxe4
$17) 9... Qxd3 10. Bxe5 Qxd1 (10... Qxe4 $5 {Milov,V} 11. Re1 Qxc4 (11... Qg4
12. Nc3 $44) 12. Nc3 Be7 13. Rc1 Qa6 $17 (13... O-O 14. Bxf6 gxf6 15. Ne4 $44))
11. Rxd1 Nxe4 12. f3 (12. N1d2 Nxd2 13. Rxd2 f6 14. Bd6 b6 15. Rad1 Bxd6 16.
Rxd6 Ke7 17. c5 Rb8 $17) 12... f6 {'!' Milov,V.} (12... Nc5 {Milov,V} 13. Nc3)
13. fxe4 (13. Bf4 Nc5 {Would have been even an easier job for black} (13... g5
$1 {Milov,V} 14. Be3 Nd6 $17)) 13... fxe5 14. Nc3 b6 15. Nb5 {White has some
temporary compensation for the pawn, since black is behind in development,
however, this compensation is a very short term- black's position is too solid}
Kd8 16. Nd6 (16. a4 Bb7 {[%csl Re4]}) 16... Bxd6 17. Rxd6 Ke7 18. Rad1 Rd8 {
'-/+' Milov,V.} 19. R6d3 (19. c5 $143 Bb7 20. cxb6 Bxe4 21. Nc5 (21. bxa7 Rxa7
22. a3 Rb8 $19 {[%cal Ge4d5]}) 21... Bd5 $19) 19... Bb7 20. Re1 (20. Nd2 {
Milov,V} d5) 20... Rf8 ({easier was:} 20... Rac8 {Taking over the 'c' file.
After the text black has a bit passive position.} 21. Nd2 Ba6 22. b3 (22. Ra3
Bxc4 23. Rxa7 Bd3 $19 {[%cal Gc8c2,Gc8a8]}) 22... b5 $19) (20... h6 $5 {
(Milov,V) /\g5}) (20... a5 $5 {Milov,V} 21. Nd2 a4 $17) 21. Nd2 Rf4 (21... Rac8
$5 {Milov,V} 22. Rd1 Rc7 $17) 22. Rd1 Bc6 ({Of course not} 22... Bxe4 $4 23.
Nxe4 Rxe4 24. Rxd7+ Kf6 25. Rc7 Rd4 26. Rf1+ Rf4 27. Rd1 $11) (22... Rd8 $6 {
was too complicated} 23. Ra3 a5 24. Rb3 Bxe4 25. Rxb6 (25. g3 Bc2 26. Rc1 Bxb3
27. gxf4 Ba4 28. fxe5 d6 $19) 25... Bf5 {[%cal Gf4d4]} 26. Re1 d6 27. Ra6 $132)
23. h3 {'?!' Milov,V.} (23. g3 {Milov,V} Rg4 (23... Rf6 24. Nf3) 24. h3 Rg5 25.
Nf3 Rxg3+ 26. Kh2 Rxf3 27. Rxf3 Bxe4 $17) 23... Rd8 24. Re1 h6 25. b4 a6 26.
Ra3 Ra8 27. b5 axb5 28. Rxa8 Bxa8 29. cxb5 {White has now an extra pawn on the
Q side, but black's central pawns along with a-soon-to-be-strong B have the
upper hand.} d5 30. a4 $1 {Of course white does not react - black will never
take on 'e4' as this would reduce his pawns' potential} (30. exd5 Bxd5 $19 {
[%csl Ra2,Rb5][%cal Gf4a4]} (30... exd5 $6 31. Rxe5+ Kd6 32. Re2 Kc5 33. Re7
$17)) 30... Rf8 (30... dxe4 $2 31. Nc4 $14) (30... Bb7 {Milov,V} 31. Ra1 Rf8 (
31... Kd6 32. Rd1)) 31. Ra1 Kd6 32. a5 bxa5 (32... Kc5 33. axb6 Kxb6 (33...
Kxb5 34. Rb1+ Kc6 35. Nf3 $132) 34. Ra6+ Kxb5 35. Rxe6 Kc5 36. Re7 Kd4 37. exd5
Bxd5 38. Rxg7 e4 39. Nf1 {Would give white good drawing chances, in R vs R + B
endgame}) 33. Rxa5 Bb7 34. Ra7 Kc7 {[%csl Rb5][%cal Gc7b6,Gb6b5] '?!' Milov,V.}
(34... Rb8 $19 {(Milov,V) /\Bc8}) 35. Nf3 {'?!' Milov,V.} (35. Ra1 {Milov,V}
Kd6) 35... dxe4 36. Nxe5 Rf5 37. Nc4 Rxb5 {The rest needs no comments, the
only thing black should be paying attention to - is not to change rooks, then
it's immediately a draw} 38. Kf2 Rb4 39. Ne3 Rb2+ 40. Kg3 (40. Kf1 {Milov,V}
Kb8 $19) 40... Re2 41. Ra3 Kd6 42. h4 Ke5 43. Ng4+ Kd4 44. Ra4+ Kc5 45. Ra5+
Kb4 46. Ra7 Bd5 47. h5 e3 48. Kf4 Rxg2 49. Nxe3 Rg5 {Milov,V: '/\50...e5#'} 50.
Ng4 Kc5 0-1